Statistiques concernant les 10 meilleurs joueurs de foot par pays (Brésil))

Cliquez ici pour prendre le quiz!

Statistiques générales

  • Ce quiz a été pris 431 fois
  • Le résultat moyen est 7 sur 10

Statistiques - réponses

HintRéponse% Correct
1- Santos FC (1956-1974)Pelé
97%
6- FC Barcelone (2013-2017)Neymar
96%
3- Real Madrid (2002–2007)Ronaldo
94%
7- FC Barcelone (2003-2008)Ronaldinho
90%
9- Real Madrid (1996-2007)Roberto Carlos
75%
2- Botafogo (1953-1965)Garrincha
59%
8- SC Corinthians (1978-1984)Socrates
41%
4- CR Flamengo (1971-1983)Zico
40%
5- Botafogo (1963-1974)Jairzinho
32%
10- Santos FC (1966-1974)Carlos Alberto
27%

Distribution des résultats

Percentile par nombre de réponses

% des personnes avec chaque résultat

Votre développement - résultats

Vous n’avez pas pris ce quiz